00341nam a2200121Ia 4500008004100000041000800041082001800049100002100067245004500088260004700133300003000180365000900210240624s9999 xx 000 0 und d aeng a621.38173 GEI aGEIGER RANDALL L aVLSI DESIGN TECHNIQUES FOR ANALOG AND DI c1990aNew DelhibMcGraw-Hill International axv, : 969 : p. : cm. ; 23 cb25